| 000 | 01454nam a2200385 a 4500 | ||
|---|---|---|---|
| 001 | 000115073 | ||
| 003 | CHAP | ||
| 005 | 20220329144513.0 | ||
| 008 | 180926s2018 mx a sm |||||||spa d | ||
| 010 | _a111534 | ||
| 011 | _a112506 | ||
| 040 | _cCHAP | ||
| 090 | _aTesis | ||
| 100 | 1 |
_aSerna Abascal, Cynthia. _9135887 |
|
| 245 | 1 | 0 |
_aEvaluación del riego con agua gris dómestica en un cultivo hidropónico de lechuga (Lactuca sativa L.) / _h[En línea] _cpor Cynthia Serna Abascal. |
| 260 |
_aChapingo, Méx. : _bEl autor, _c2018. |
||
| 500 | _aPara ver el contenido del material haga clic en la liga | ||
| 502 | _aTesis (Maestro en Ingeniería Agrícola y Uso Integral del Agua) -- UACH. | ||
| 590 |
_aE11695DGD _b10 _c20190603 _lUCH01 _h1314 |
||
| 590 |
_aE8697GMM _b05 _c20180926 _lUCH01 _h0848 |
||
| 590 |
_aE8697GMM _b05 _c20180926 _lUCH01 _h0850 |
||
| 590 |
_aE8697GMM _b05 _c20180926 _lUCH01 _h1001 |
||
| 590 |
_aE8697GMM _b05 _c20181130 _lUCH01 _h1052 |
||
| 590 |
_aE8697GMM _b05 _c20190516 _lUCH01 _h1335 |
||
| 590 |
_aE8697GMM _b05 _c20190516 _lUCH01 _h1337 |
||
| 590 |
_aE8697GMM _b05 _c20190516 _lUCH01 _h1341 |
||
| 650 | 1 | 4 |
_aAgua para irrigación _xContaminación. _9131338 |
| 650 | 1 | 4 |
_aAgua _xAprovechamiento. _92282 |
| 650 | 1 | 4 |
_aLechuga _xIrrigación. _965464 |
| 650 | 1 | 4 |
_aMicroorganismos patógenos. _975528 |
| 856 |
_aFinding aid _uhttp://10.13.5.2/tesis/sist115073.pdf _zTeclea aquí |
||
| 901 | _aBK | ||
| 942 | _cTESIS | ||
| 942 | _n0 | ||
| 999 |
_c111534 _d111534 |
||